000 00631nam a22001817a 4500
003 UA-OsUOA
001 9177
007 ta
008 20041021b un ||||| |||| 00| 0 ukr d
100 _aШундерук М.
942 _cSA
040 _aUA-OsUOA
_cUA-OsUOA
_dUA-OsUOA
245 _aОбрази часу : [ архітектура Свято- Преображенського собору у Донецьку як символ відродженої віри у Бога ]
300 _aС.39
955 _a0
773 0 _w0
_tУкраїнська культура
_dКиїв
_d2004
_g№9
650 7 _aАрхітектура
_2UDC
999 _c295338
_d295338